| 000 | 00651nam a2200205Ia 4500 | ||
|---|---|---|---|
| 003 | GCL | ||
| 008 | 140319s9999 xx 000 0 ara d | ||
| 040 |
_aGCL / _cGCL |
||
| 082 | 0 | 4 |
_aط _b612 _bز ا |
| 100 | 1 | _aزهير الكرمى | |
| 245 | 1 | 0 |
_aالاطلس العلمى: فيزولوجيا الانسان / _cزهير الكرمى |
| 700 | 1 | _aمحمد سعيد صبارينى | |
| 260 |
_a[S.N] : _bدار الكتاب المصرى ، _c1991 |
||
| 300 | _a104 ص | ||
| 490 |
_aسلسلة الاطلس العلمية _v0 |
||
| 650 | 0 | 4 | _aفسيولوجيا |
| 650 | 0 | 4 | _aالاطفال |
| 650 | 0 | 4 | _aجسم الانسان |
| 942 |
_2ddc _cBK |
||
| 999 |
_c57183 _d57183 |
||